Movies Quiz

Random Movies or Clickable Quiz

Stanley Kubrick by IMDb Review Title Quiz Stats

Quiz not verified by Sporcle

Also try: Don Cheadle Movies
Challenge
Share
Tweet
Embed
Score 0/13 Timer 05:00
0 Plays Today
% Correct
A Clockwork Orange
95.9%
Dr. Strangelove or: How I Learned to Stop Worrying and Love the Bomb
94.3%
The Shining
89.2%
Barry Lyndon
79.9%
2001: A Space Odyssey
73.7%
The Killing
68%
Full Metal Jacket
66.5%
Eyes Wide Shut
58.2%
Paths of Glory
55.2%
Lolita
44.8%
Fear & Desire
35.6%
Killer's Kiss
22.2%
Spartacus
17%

You're not logged in!

Compare scores with friends on all Sporcle quizzes.
Sign Up with Email
OR
Log In

You Might Also Like...

Show Comments

Extras

Top Quizzes Today


Score Distribution

Your Account Isn't Verified!

In order to create a playlist on Sporcle, you need to verify the email address you used during registration. Go to your Sporcle Settings to finish the process.